| 000 | 01378 a2200289 4500 | ||
|---|---|---|---|
| 003 | Nust | ||
| 005 | 20230825123411.0 | ||
| 010 | _a 2005047880 | ||
| 020 | _c0071384219 (alk. paper) | ||
| 040 | _cNust | ||
| 082 | 0 | 0 | _a621.381,STA |
| 245 | 0 | 0 |
_aStandard handbook of electronic engineering / _cDonald Christiansen, editor, Charles K. Alexander, editor, Ronald K. Jurgen, associate editor. |
| 250 | _a5th ed. | ||
| 260 |
_aNew York : _bMcGraw-Hill, _cc2005. |
||
| 300 |
_a1 v. (various pagings) : _bill. ; _c25 cm. + _e1 CD-ROM ( 4 3/4 in.) |
||
| 440 | 0 |
_aMcGraw-Hill standard handbooks _981463 |
|
| 505 | _aPart 1.Principle and techniques (Page-1.3), Part2 .Components. (Page-5.3), Part 3 .Circuits and Functions (Page-10.3), Part 4. Systems and Applications(Page-17-3) | ||
| 650 | 0 | _aTelecommunication Engineering. | |
| 700 | 1 |
_aAlexander, Charles K. _983822 |
|
| 700 | 1 |
_aChristiansen, Donald. _937626 |
|
| 700 | 1 | _aJurgen, Ronald K. | |
| 856 | 4 | 2 |
_3Book review (E-STREAMS) _uhttp://www.e-streams.com/es0909/es0909_4471.html |
| 856 | 4 | 2 |
_3Contributor biographical information _uhttp://www.loc.gov/catdir/enhancements/fy0624/2005047880-b.html |
| 856 | 4 | 2 |
_3Publisher description _uhttp://www.loc.gov/catdir/enhancements/fy0624/2005047880-d.html |
| 856 | 4 | 2 |
_3Table of contents only _uhttp://www.loc.gov/catdir/enhancements/fy0624/2005047880-t.html |
| 942 |
_cREF _2ddc |
||
| 999 |
_c175634 _d175634 |
||